000
00301nam a2200109Ia 4500
008
171211s9999 xx 000 0 und d
245
4
_a
The Web Designer's Idea Book, Vol. 2
245
_c
Patrick McNeil
260
_c
2010
650
_x
Design
856
_u
http://down.ebook777.com/062/9781600619724.pdf
999
_c
347899
_d
347899